| 000 | 00982nam a22002535a 4500 | ||
|---|---|---|---|
| 001 | 195910 | ||
| 008 | 240802b2019 sp ||||| |||| 00| 0 spa d | ||
| 017 | _aM 2968-2019 | ||
| 020 | _a9788499071008 | ||
| 100 | 1 |
_9137794 _aVillena, Miguel Ángel |
|
| 245 |
_aVictoria Ken : _buna pasión republicana / _cMiguel Ángel Villena ; correción: Gabriela Torregrosa |
||
| 260 |
_aMadrid _bPrisanoticias colecciones _c2019 |
||
| 300 |
_a141 pág. _c23 cm |
||
| 336 |
_2rdacontent _aTexto |
||
| 337 |
_2rdamedia _asin mediación |
||
| 338 |
_2rdacarrier _avolumen |
||
| 490 | _aMujeres en la historia | ||
| 500 | _aCatalogación provisional. Signatura: n-9030. Depósito J. | ||
| 541 |
_aDONACION _cAutor _d2022-11-22 _h17,50 € |
||
| 852 |
_aES-MaACL _bR. 153532 _cDEPOJ _jN-9030 _hDonación: Miguel Ángel Villena _xCartoné _zEn proceso |
||
| 942 |
_cMONOGRAFIA _n0 |
||
| 954 | _iTatiana Alejandra de Castro Pérez | ||
| 999 |
_c195910 _d195910 |
||
| 955 |
_c35 _b Tatiana Alejandra |
||